• 首页
  • 本馆介绍
  • 公告通知
  • 最新文献
  • 馆藏检索
  • 电子资源
  • 读者导购
  • 参考咨询
  • 我的图书馆
  • 登录
  • 详细信息显示
  • 放入我的书架
  • 预约/预借图书
  • 作者相关作品
  • 分类相关作品
  • 丛书相关作品
  • 出版社相关作品

书目信息

  • 表格格式
  • 工作单格式
  • 卡片格式
题名:
涤故呈新
    
 
作者: 张毅 , 李琪 编著
分册:  
出版信息: 北京   化学工业出版社  2016.4
页数: 150页
开本: 23×23cm
丛书名:
单 册:
中图分类: TU746 , TU238.2
科图分类:
主题词: 旧房改造--室内装饰设计--研究
电子资源:
ISBN: 978-7-122-25621-8
000 01168nam0 2200301 450
001 0400003588
005 20171022102756.0
010    @a978-7-122-25621-8@dCNY66.00
100    @a20160411d2016 em y0chiy50 ea
101 0  @achi
102    @aCN@b110000
105    @aa z 000yy
106    @ar
200 1  @a涤故呈新@9di gu cheng xin@e当代更新建筑及室内设计@d= Architecture and interior design of contemporary architecture renovation@f张毅,李琪编著@zeng
210    @a北京@c化学工业出版社@d2016.4
215    @a150页@c图@d23×23cm
300    @a21世纪建筑与室内设计前沿系列/朱淳丛书主编
320    @有书目(第150页)
330    @a本书首先介绍了建筑更新的起源,之后分析了建筑更新的方式,全书重点是根据几种建筑更新的类型分别介绍世界各地的大量的更新案例。
510 1  @aArchitecture and interior design of contemporary architecture renovation@zeng
517 1  @a当代更新建筑及室内设计@9dang dai geng xin jian zhu ji shi nei she ji
606 0  @a旧房改造@x室内装饰设计@x研究
690    @aTU746@v5
690    @aTU238.2@v5
701  0 @a张毅@9zhang yi@4编著
701  0 @a李琪@9li qi@4编著
801  0 @aCN@b91MARC@c20171022
905    @b1033811-5@dTU746@f5@e1175
    
    涤故呈新:当代更新建筑及室内设计= Architecture and interior design of contemporary architecture renovation/张毅,李琪编著.-北京:化学工业出版社,2016.4
    150页:图;23×23cm
    21世纪建筑与室内设计前沿系列/朱淳丛书主编
    
    ISBN 978-7-122-25621-8:CNY66.00
    本书首先介绍了建筑更新的起源,之后分析了建筑更新的方式,全书重点是根据几种建筑更新的类型分别介绍世界各地的大量的更新案例。
●
相关链接 在E读中查询图书 在五车中查询图书 在当当中查询图书 在豆瓣中查询图书


正题名:涤故呈新     索取号:TU746/1175         预约/预借

序号 登录号 条形码 馆藏地/架位号 状态 备注
1 1033811   210338115   第二样本阅览室/ [索取号:TU746/1175] 在馆    
2 1033812   210338124   密集书库-生命科学系/ [索取号:TU746/1175] 在馆    
3 1033813   210338133   第三借阅区/ [索取号:TU746/1175] 在馆    
4 1033814   210338142   第三借阅区/ [索取号:TU746/1175] 在馆    
5 1033815   210338151   第三借阅区/ [索取号:TU746/1175] 在馆    
唐山师范学院图书馆 欢迎您!
大连网信软件有限公司© 版权所有